| 000 | 00806nam a22001817a 4500 | ||
|---|---|---|---|
| 005 | 20230912104702.0 | ||
| 010 | _aHIN-125897 | ||
| 020 |
_a9789386044518 _c495.00 |
||
| 035 | _aHN-98243 | ||
| 037 | _bDBAD/PUB | ||
| 082 | _a920 | ||
| 100 |
_aधामा , तेजपाल सिंह _956283 |
||
| 245 |
_aसाध्वी महिलाऐं / _c तेजपाल सिंह धामा |
||
| 260 |
_aदिल्ली _bशर्मा एण्ड कंपनी _c2020 |
||
| 270 |
_a1/2970,गली न . -14, टॉप फ्लोर , जायसवाल मार्ग , रामनगर एक्स . _bदिल्ली _e110032 |
||
| 300 |
_a157p. _c22cm(सजिल्द ) |
||
| 942 |
_2ddc _cHN _h920 धामाते |
||
| 999 |
_c197997 _d197997 |
||